000 01174nam0a2200301 4500
001 RU\NLR\bibl\1239060
005 20260405190042.0
010 _a978-5-9937-0003-8
_95000
021 _aRU
_b2008-27435
_91519
035 _a(NLR Aleph) 001225271
090 _a163965
_c163965
100 _a20080609d2008 |||y0rusy50 ca
101 0 _arus
102 _aRU
105 _aa |||||||||
200 1 _aДосифея. Жизнь за императрицу
_eроман
_fМарина Кравцова
210 _aМосква
_cЛепта
_cЛепта книга
_d2008
215 _a472, [2] с., [4] л. цв. ил.
_d21
517 0 _aЖизнь за императрицу
600 1 _aТараканова
_bЕ.
_fок.1745 - 1775
_gЕлизавета
_xв художественной литературе
_92154618
_3RU\NLR\auth\661297225
686 _aШ6(2=Р)75-442
700 1 _4070
_8rus
_7ca
_aКравцова
_bМ. В.
_cдухов. писатель
_f1974-
_gМарина Валерьевна
_3RU\NLR\auth\7782280
_965208
801 0 _aRU
_bNLR
_c20080609
_gRCR
801 1 _aRU
_bNLR
_c20080609
942 _cBOOK
980 _aNB